Statistics for Global Cities on a World Map

Click here to take the quiz!

General Stats

  • This quiz has been taken 79,442 times
    (49,122 since last reset)
  • The average score is 22 of 24

Answers on the Map

Answers color-coded by a green-red scale on the quiz's map according to % correct below.
 

Answer Stats

TierCity% Correct
Alpha++London
99%
Alpha++New York City
99%
Alpha+Paris
98%
Alpha+Tokyo
98%
AlphaMadrid
97%
AlphaMexico City
97%
AlphaMoscow
97%
AlphaLos Angeles
96%
AlphaSydney
95%
Alpha+Beijing
93%
AlphaAmsterdam
92%
AlphaChicago
90%
Alpha+Dubai
90%
AlphaBrussels
89%
AlphaMilan
87%
Alpha+Shanghai
87%
AlphaToronto
87%
Alpha+Singapore
85%
AlphaJakarta
84%
AlphaMumbai
83%
Alpha+Hong Kong
82%
AlphaSão Paulo
80%
AlphaFrankfurt
77%
AlphaKuala Lumpur
72%

Score Distribution

Percentile by Number Answered

Percent of People with Each Score

Your Score History

You have not taken this quiz since the last reset